MARC

LEADER 00000nam0a2200000 4500
001 51452
005 20231031035715.0
035 |a (RuTPU)RU\TPU\book\53874 
090 |a 51452 
100 |a 20030430d1986 k y0rusy50 ca 
101 0 |a rus 
102 |a RU 
105 |a a z 001zy 
200 1 |a Ситемы управления и защиты АЭС  |f В. В. Королев 
210 |a Москва  |c Энергоатомиздат  |d 1986 
215 |a 127 с.  |c ил. 
320 |a Библиогр.: с. 125-126 
610 1 |a атомные электростанции 
610 1 |a автоматизация 
610 1 |a ядерные реакторы 
610 1 |a защита 
610 1 |a АЭС 
610 1 |a АСУ ТП 
610 1 |a контроль 
610 1 |a энергоблоки 
610 1 |a управление 
675 |a 621.311.25  |v 3 
700 1 |a Королев  |b В. В.  |g Валерий Васильевич 
801 1 |a RU  |b 63413507  |c 20030430  |g PSBO 
801 2 |a RU  |b 63413507  |c 20221202  |g PSBO 
900 |a Автоматизированные системы управления АЭС 
900 |a Основы проектирования и анализ уязвимости физической защиты ядерного объекта 
942 |c BK